<?xml version="1.0" encoding="UTF-8"?><?xml-stylesheet type="text/xsl" href="static/style.xsl"?><OAI-PMH xmlns="http://www.openarchives.org/OAI/2.0/" xmlns:xsi="http://www.w3.org/2001/XMLSchema-instance" xsi:schemaLocation="http://www.openarchives.org/OAI/2.0/ http://www.openarchives.org/OAI/2.0/OAI-PMH.xsd"><responseDate>2026-04-13T16:47:10Z</responseDate><request verb="GetRecord" identifier="oai:www.recercat.cat:2117/345029" metadataPrefix="marc">https://recercat.cat/oai/request</request><GetRecord><record><header><identifier>oai:recercat.cat:2117/345029</identifier><datestamp>2025-07-22T21:14:17Z</datestamp><setSpec>com_2072_1033</setSpec><setSpec>col_2072_452951</setSpec></header><metadata><record xmlns="http://www.loc.gov/MARC21/slim" xmlns:dcterms="http://purl.org/dc/terms/" xmlns:xsi="http://www.w3.org/2001/XMLSchema-instance" xmlns:doc="http://www.lyncode.com/xoai" xsi:schemaLocation="http://www.loc.gov/MARC21/slim http://www.loc.gov/standards/marcxml/schema/MARC21slim.xsd">
   <leader>00925njm 22002777a 4500</leader>
   <datafield ind2=" " ind1=" " tag="042">
      <subfield code="a">dc</subfield>
   </datafield>
   <datafield ind2=" " ind1=" " tag="720">
      <subfield code="a">Gallardo Padilla, Nayeli</subfield>
      <subfield code="e">author</subfield>
   </datafield>
   <datafield ind2=" " ind1=" " tag="260">
      <subfield code="c">2021-04-22</subfield>
   </datafield>
   <datafield ind2=" " ind1=" " tag="520">
      <subfield code="a">While the interest in energy storage has grown in recent years, attention has been largely focused on short-duration systems with lithium-ion batteries. Long-duration (4-24 h) technologies, their business cases, and their potential to contribute to the energy transition have remained largely unexplored. Drawing from both academic and industry publications, this thesis presents the state of the art of energy storage technologies suitable for long-duration applications and performs a technoeconomic analysis of two technologies (lithium-ion and flow battery) applied to two case studies in Mexico. This report presents the most relevant energy storage technologies that can provide long duration storage. It also briefly explores the general use cases for storage and the business models typically employed. Two case studies for PV+storage systems in Mexico are also developed, one for a behind-the-meter industrial user in 2021 and another for an independent power producer in 2025. Two storage technologies, a lithium iron phosphate (LFP) and avanadium redoxflow (VRF) battery, are chosen for both cases, based on the appropriateness and maturity of the technology and the availability of data. The technoeconomic performance of these technologies is evaluated using purpose-built models and varying system size and duration, as well as PV plantsize. Additional revenues from Clean Energy Certificates are included. Sensitivity tokey parameters is also assessed. The resulting indicators are compared. The case studies suggest that PV+storage is attractive in Mexico only when large levels of self-sufficiency and/or clean energy are valued, although the electricity market and rates may change significantly in the coming years. LFP is found to be competitive against VRF for mid-range levels of self-sufficiency, whereas VRF is more competitiveinthe last 15-30% of self-sufficiency. To meet the last portion of demand and reach complete self-sufficiency, another source (such as a fuel genset) would likely be more economical to avoid drastic oversizing of the PV plant. VRF and LFP systems with fast charging maybe significantly more competitive than the base cases, but more research is required verify the assumptions. Business recommendations for PV+storage projects in Mexico are offered, considering findings from both the technologies and the country’s energy sector.</subfield>
   </datafield>
   <datafield ind2=" " ind1=" " tag="520">
      <subfield code="a">Objectius de Desenvolupament Sostenible::9 - Indústria, Innovació i Infraestructura</subfield>
   </datafield>
   <datafield tag="653" ind2=" " ind1=" ">
      <subfield code="a">Àrees temàtiques de la UPC::Energies</subfield>
   </datafield>
   <datafield tag="653" ind2=" " ind1=" ">
      <subfield code="a">Àrees temàtiques de la UPC::Economia i organització d'empreses</subfield>
   </datafield>
   <datafield tag="653" ind2=" " ind1=" ">
      <subfield code="a">Renewable natural resources -- Economic aspects -- Mexico</subfield>
   </datafield>
   <datafield tag="653" ind2=" " ind1=" ">
      <subfield code="a">Energy storage -- Case studies</subfield>
   </datafield>
   <datafield tag="653" ind2=" " ind1=" ">
      <subfield code="a">Storage batteries</subfield>
   </datafield>
   <datafield tag="653" ind2=" " ind1=" ">
      <subfield code="a">Energia -- Emmagatzematge -- Estudi de casos</subfield>
   </datafield>
   <datafield tag="653" ind2=" " ind1=" ">
      <subfield code="a">Recursos naturals renovables -- Aspectes econòmics -- Mèxic</subfield>
   </datafield>
   <datafield tag="653" ind2=" " ind1=" ">
      <subfield code="a">Acumuladors d'energia elèctrica</subfield>
   </datafield>
   <datafield ind2="0" ind1="0" tag="245">
      <subfield code="a">Long-duration energy storage: a technoeconomic comparative analysis with case studies in Mexico</subfield>
   </datafield>
</record></metadata></record></GetRecord></OAI-PMH>